[Event "Champions Showdown G10"]
[Site "Saint Louis USA"]
[Date "2017.11.11"]
[Round "1.2"]
[White "Caruana, Fabiano"]
[Black "Grischuk, Alexander"]
[Result "0-1"]
[WhiteTitle "GM"]
[BlackTitle "GM"]
[WhiteElo "2799"]
[BlackElo "2782"]
[WhiteFideId "2020009"]
[BlackFideId "4126025"]
[EventDate "2017.11.11"]

1. e4 e5 2. Nf3 Nc6 3. Bb5 Nf6 4. d3 Bc5 5. c3 d5 6. exd5 Qxd5 7. Bc4 Qd6 8.
Nbd2 O-O 9. b4 Bb6 10. O-O Bf5 11. Qc2 Rad8 12. a4 a5 13. b5 Ne7 14. Qa2 Ng6 15.
Ba3 Bc5 16. Bxc5 Qxc5 17. d4 Qd6 18. Rfe1 exd4 19. cxd4 Nf4 20. Rac1 N6d5 21.
Qb3 Nb6 22. Bf1 Be6 23. Qc2 Bd5 24. Qxc7 Qxc7 25. Rxc7 Ne6 26. Rc2 Rc8 27. Rcc1
Rfd8 28. h3 g6 29. Ra1 Bxf3 30. Nxf3 Nxd4 31. Nxd4 Rxd4 32. Re7 Rd7 33. Rxd7
Nxd7 34. Be2 b6 35. Rd1 Nc5 36. Rd4 Kf8 37. Bf3 Ke7 38. g4 Rd8 39. Rf4 g5 40.
Rc4 Rd3 41. Kg2 Rb3 42. Bd5 Rb4 43. Rc3 Rxa4 44. Re3+ Ne6 45. Be4 h6 46. Bc6 Rd4
47. Kg3 Kf6 48. h4 a4 49. hxg5+ hxg5 50. Rc3 Nc5 51. Kf3 Rd3+ 52. Rxd3 Nxd3 53.
Ke3 a3 0-1

[Event "Champions Showdown G10"]
[Site "Saint Louis USA"]
[Date "2017.11.11"]
[Round "2.2"]
[White "Grischuk, Alexander"]
[Black "Caruana, Fabiano"]
[Result "1/2-1/2"]
[WhiteTitle "GM"]
[BlackTitle "GM"]
[WhiteElo "2782"]
[BlackElo "2799"]
[WhiteFideId "4126025"]
[BlackFideId "2020009"]
[EventDate "2017.11.11"]

1. d4 d5 2. c4 dxc4 3. e3 Nf6 4. Bxc4 e6 5. Nf3 c5 6. O-O a6 7. Nbd2 Nbd7 8. e4
b5 9. e5 bxc4 10. exf6 Nxf6 11. Nxc4 Bd7 12. Re1 Bb5 13. Nce5 Be7 14. a4 Bd7 15.
Bg5 Rc8 16. Rc1 c4 17. Rxc4 Rxc4 18. Nxc4 Bc6 19. Nfe5 Ba8 20. a5 O-O 21. Nb6
Bb7 22. Qa4 Nd5 23. Bxe7 Qxe7 24. Qd7 Qb4 25. Nd3 Nxb6 26. Qxb7 Qxa5 27. g3 Nd5
28. b4 Qa3 29. Nc5 Qxb4 30. Qxb4 Nxb4 31. Ra1 Rb8 32. Ra4 Rb6 33. Kg2 g5 34. Kf3
Kg7 35. Ke4 h5 36. f4 g4 37. f5 exf5+ 38. Kxf5 Nc2 39. Nd3 a5 40. Rxa5 Nxd4+ 41.
Ke4 Nf3 42. Rxh5 Rh6 43. Rxh6 Kxh6 44. h4 Nxh4 45. gxh4 1/2-1/2

[Event "Champions Showdown G10"]
[Site "Saint Louis USA"]
[Date "2017.11.11"]
[Round "3.2"]
[White "Caruana, Fabiano"]
[Black "Grischuk, Alexander"]
[Result "0-1"]
[WhiteTitle "GM"]
[BlackTitle "GM"]
[WhiteElo "2799"]
[BlackElo "2782"]
[WhiteFideId "2020009"]
[BlackFideId "4126025"]
[EventDate "2017.11.11"]

1. e4 e5 2. Bc4 Nf6 3. d3 Bc5 4. Nc3 d6 5. Na4 Bb6 6. Nxb6 axb6 7. Nf3 Be6 8.
Bxe6 fxe6 9. O-O O-O 10. c3 Qe8 11. Re1 Nbd7 12. a4 Qg6 13. b4 h6 14. h3 Nh5 15.
Kh2 Rf6 16. Be3 Raf8 17. a5 Nf4 18. Bxf4 Rxf4 19. axb6 Nxb6 20. Ra7 Rb8 21. d4
exd4 22. cxd4 Qe8 23. Qb3 Kh8 24. Re2 Qb5 25. Re1 Nc4 26. Ra2 Rbf8 27. Rc2 d5
28. exd5 exd5 29. Ne5 Nxe5 30. dxe5 Rxb4 31. Qa3 c5 32. e6 b6 33. e7 Re8 34. Qf3
Qd7 35. Rce2 Qd6+ 36. g3 Re4 37. Rxe4 dxe4 38. Rxe4 Qf6 39. Qe3 Qf7 40. Kg1 Kh7
41. Re6 b5 42. Re5 c4 43. Qc5 c3 44. Qxc3 Rxe7 45. Qd3+ g6 46. Rxb5 Rd7 47. Qc3
Rc7 48. Qb2 Re7 49. Rb8 Re8 50. Rb6 Re7 51. h4 Qd5 52. Rb5 Re1+ 0-1

[Event "Champions Showdown G10"]
[Site "Saint Louis USA"]
[Date "2017.11.11"]
[Round "4.2"]
[White "Grischuk, Alexander"]
[Black "Caruana, Fabiano"]
[Result "1-0"]
[WhiteTitle "GM"]
[BlackTitle "GM"]
[WhiteElo "2782"]
[BlackElo "2799"]
[WhiteFideId "4126025"]
[BlackFideId "2020009"]
[EventDate "2017.11.11"]

1. d4 d6 2. e4 Nf6 3. Bd3 g6 4. Nf3 Bg7 5. O-O O-O 6. Re1 Nc6 7. d5 Nb8 8. h3 c6
9. c4 a5 10. Nc3 Na6 11. Be3 Nd7 12. Rc1 Ndc5 13. Bb1 Bd7 14. Qd2 cxd5 15. Nxd5
e6 16. Nc3 Bc6 17. Nd4 Qe7 18. Bg5 f6 19. Be3 Rad8 20. Rcd1 Rd7 21. f3 Qf7 22.
b3 f5 23. exf5 gxf5 24. Ncb5 Bxb5 25. cxb5 Nb4 26. Nxf5 Nxb3 27. axb3 exf5 28.
Bb6 Ra8 29. Bxa5 Rxa5 30. Qxb4 Ra8 31. Qf4 Rf8 32. Rxd6 Rxd6 33. Qxd6 Qxb3 34.
Qe6+ Qxe6 35. Rxe6 Bd4+ 36. Kf1 b6 37. Rd6 Bc5 38. Rd7 h6 39. Bd3 f4 40. Bh7+
Kh8 41. Be4 Kg8 42. Ke2 Rf6 43. Bd5+ Kh8 44. Rd8+ Rf8 45. Rd7 Rf6 46. Rc7 Rd6
47. Be4 Be3 48. g4 Rd2+ 49. Ke1 Kg8 50. Rc6 Rb2 51. Rxh6 Rxb5 52. h4 Rb2 53. g5
Rh2 54. h5 b5 55. Rg6+ Kf8 56. h6 Rh5 57. Rf6+ Ke7 58. h7 Bd4 59. Rf5 Rxh7 60.
Rxb5 Rh2 61. Rd5 Bc3+ 62. Kd1 Ke6 63. Kc1 Rg2 64. Rc5 Bd4 65. Rb5 Ke7 66. g6
Be3+ 67. Kb1 Bd4 68. Rd5 Be3 69. Ra5 Bd4 70. Ra6 Be3 71. Bf5 Bd4 72. Re6+ Kf8
73. Rd6 Be5 74. Rd5 Bf6 75. Be4 Kg7 76. Rd7+ Kf8 77. Rf7+ 1-0

[Event "Champions Showdown G10"]
[Site "Saint Louis USA"]
[Date "2017.11.11"]
[Round "5.2"]
[White "Caruana, Fabiano"]
[Black "Grischuk, Alexander"]
[Result "1-0"]
[WhiteTitle "GM"]
[BlackTitle "GM"]
[WhiteElo "2799"]
[BlackElo "2782"]
[WhiteFideId "2020009"]
[BlackFideId "4126025"]
[EventDate "2017.11.11"]

1. e4 e5 2. Bc4 Nf6 3. d3 Bc5 4. Nc3 d6 5. Na4 Bd4 6. c3 Bxf2+ 7. Kxf2 c6 8. Bb3
b5 9. Nf3 bxa4 10. Bxa4 Qb6+ 11. Ke1 O-O 12. Qe2 Nbd7 13. Be3 Qc7 14. h3 Ba6 15.
Qc2 d5 16. Rd1 Nb6 17. Bb3 c5 18. exd5 Nbxd5 19. Bg5 Rae8 20. Kf2 Qb6 21. Bxd5
Nxd5 22. Rhe1 c4+ 23. d4 e4 24. Nh2 f5 25. Bc1 Qg6 26. Kg1 h5 27. Re2 Kh7 28.
Rde1 Bb7 29. b3 Ba6 30. Rf2 f4 31. bxc4 Bxc4 32. Qa4 Nb6 33. Qxa7 e3 34. Rb2 Nd5
35. Nf3 Nxc3 36. h4 Ne4 37. Qa5 Rf5 38. Qa4 Bd5 39. Rb6 Re6 40. Rxe6 Qxe6 41.
Qc2 Qg6 42. a4 Nf2 43. Qe2 Qg3 44. Rf1 Nh3+ 45. Kh1 Nf2+ 46. Kg1 Bxf3 47. Qxf3
Qxf3 48. gxf3 Ra5 49. Re1 Rxa4 50. Bxe3 fxe3 51. Rxe3 Nh3+ 52. Kg2 Nf4+ 53. Kg3
Rxd4 54. Re5 Kh6 55. Rf5 Ng6 56. Ra5 Rxh4 57. Ra6 Rd4 58. Kf2 Rf4 59. Ke3 Rf6
60. Ra5 Nh4 61. f4 Ng6 62. Kf3 Rxf4+ 63. Ke3 Rg4 64. Kd2 Rg5 65. Ra6 1-0

[Event "Champions Showdown G10"]
[Site "Saint Louis USA"]
[Date "2017.11.11"]
[Round "6.2"]
[White "Grischuk, Alexander"]
[Black "Caruana, Fabiano"]
[Result "0-1"]
[WhiteTitle "GM"]
[BlackTitle "GM"]
[WhiteElo "2782"]
[BlackElo "2799"]
[WhiteFideId "4126025"]
[BlackFideId "2020009"]
[EventDate "2017.11.11"]

1. d4 e6 2. e4 d5 3. Nc3 Bb4 4. e5 Qd7 5. a3 Bxc3+ 6. bxc3 b6 7. Qg4 f5 8. Qg3
Nc6 9. Bd3 Bb7 10. Ne2 O-O-O 11. a4 Na5 12. Ba3 Nc4 13. Bxc4 dxc4 14. a5 Nh6 15.
Nf4 Rhg8 16. h4 Ng4 17. O-O g6 18. axb6 axb6 19. Bc1 Qe7 20. Nh3 Qg7 21. f3 Nh6
22. Bxh6 Qxh6 23. Nf4 Rde8 24. Ra7 Qg7 25. Rfa1 h6 26. Qe1 Qf7 27. h5 gxh5 28.
Qh4 Bxf3 29. d5 Bxd5 30. Nxd5 exd5 31. Ra8+ Kd7 32. R8a7 Qg6 33. Qf2 Rxe5 34.
Kf1 Qg4 35. Qd2 h4 0-1

[Event "Champions Showdown G10"]
[Site "Saint Louis USA"]
[Date "2017.11.11"]
[Round "7.2"]
[White "Caruana, Fabiano"]
[Black "Grischuk, Alexander"]
[Result "1-0"]
[WhiteTitle "GM"]
[BlackTitle "GM"]
[WhiteElo "2799"]
[BlackElo "2782"]
[WhiteFideId "2020009"]
[BlackFideId "4126025"]
[EventDate "2017.11.11"]

1. c4 Nf6 2. Nc3 c5 3. Nf3 e6 4. e3 Nc6 5. d4 d5 6. cxd5 Nxd5 7. Bd3 Be7 8. O-O
O-O 9. Be4 Nxc3 10. bxc3 Qc7 11. Qc2 h6 12. Bh7+ Kh8 13. Bd3 b6 14. e4 Bb7 15.
Be3 Rac8 16. Rac1 Rfd8 17. Qe2 Qb8 18. Rfd1 Bf6 19. e5 Be7 20. Bxh6 Nxd4 21.
Nxd4 gxh6 22. Qh5 Bg5 23. h4 Qxe5 24. hxg5 Qxg5 25. Qxg5 hxg5 26. Nf3 Bxf3 27.
gxf3 Kg7 28. Ba6 Rb8 29. Kg2 Kf6 30. a4 Rh8 31. Rh1 Rxh1 32. Rxh1 Rd8 33. Bb5
Rd2 34. Rh8 Rc2 35. c4 Ke5 36. Ra8 f5 37. Rxa7 Kf4 38. Rb7 e5 39. Rxb6 g4 40.
fxg4 e4 41. Rf6 e3 42. Rxf5+ Kxg4 43. Rf3 e2 44. Re3 Kf4 45. a5 Ra2 46. a6 Kg4
47. a7 1-0

[Event "Champions Showdown G10"]
[Site "Saint Louis USA"]
[Date "2017.11.11"]
[Round "8.2"]
[White "Grischuk, Alexander"]
[Black "Caruana, Fabiano"]
[Result "1/2-1/2"]
[WhiteTitle "GM"]
[BlackTitle "GM"]
[WhiteElo "2782"]
[BlackElo "2799"]
[WhiteFideId "4126025"]
[BlackFideId "2020009"]
[EventDate "2017.11.11"]

1. d4 d5 2. c4 e6 3. Nf3 Nf6 4. g3 Bb4+ 5. Bd2 Bd6 6. Nc3 c6 7. Qc2 Nbd7 8. e4
dxe4 9. Nxe4 Nxe4 10. Qxe4 Nf6 11. Qc2 b6 12. c5 Be7 13. Bg2 Bb7 14. O-O O-O 15.
b4 Nd5 16. Rfd1 a5 17. bxa5 bxa5 18. Rab1 Qc7 19. Bg5 Ba6 20. Bxe7 Qxe7 21. Ne5
f6 22. Nxc6 Qc7 23. Bxd5 exd5 24. Rb6 Rfe8 25. Qc3 Be2 26. Re1 Qd7 27. Nb8 Qg4
28. Qd2 Ra7 29. Nc6 Raa8 30. Qf4 Qxf4 31. gxf4 Re4 32. f3 Bxf3 33. Rxe4 Bxe4 34.
Nb8 Kf7 35. c6 Bf5 36. Rb7+ Kg6 37. Kf2 Bc8 38. Rb5 Kf5 39. Rxd5+ Ke4 40. Rb5
Kxd4 41. a4 Ra7 42. h4 Ke4 43. Kg3 Ke3 44. Rd5 Ke4 45. Rb5 Ke3 46. Nd7 Rc7 47.
Nb8 Ra7 48. h5 Ke4 49. Rc5 Kd4 50. Rb5 Ke4 51. Rb1 Kd5 52. Rb5+ Ke4 1/2-1/2